Central Library OPAC University of Rajshahi

Bibliographical services throughout the world, 1970-74 / (Record no. 40737)

MARC details
000 -LEADER
fixed length control field 00905nam a2200289 a 4500
001 - CONTROL NUMBER
control field 40737
003 - CONTROL NUMBER IDENTIFIER
rucl marc code BD-RjUL
005 - DATE AND TIME OF LATEST TRANSACTION
control field 20211209053255.0
008 - FIXED-LENGTH DATA ELEMENTS--GENERAL INFORMATION
fixed length control field 160509s1977 fr b i000 0 eng
020 ## - INTERNATIONAL STANDARD BOOK NUMBER
International Standard Book Number 9231013947
035 ## - SYSTEM CONTROL NUMBER
System control number (BD-RjUL) 40852
System control number 2524826
040 ## - CATALOGING SOURCE
Original cataloging agency LC
Language of cataloging eng
Transcribing agency LC
Modifying agency LC
-- (BD-RjUL)
041 ## - LANGUAGE CODE
Language code of text/sound track or separate title eng
082 04 - DEWEY DECIMAL CLASSIFICATION NUMBER
Classification number 025.3
Edition number 19
Author mark and year BEB 1977
100 1# - MAIN ENTRY--PERSONAL NAME
Personal name Beaudiquez, Marcelle.
9 (RLIN) 125346
245 10 - TITLE STATEMENT
Title Bibliographical services throughout the world, 1970-74 /
Statement of responsibility, etc. Marcelle Beaudiquez.
260 ## - PUBLICATION, DISTRIBUTION, ETC. (IMPRINT)
Place of publication, distribution, etc. Paris :
Name of publisher, distributor, etc. Unesco,
Date of publication, distribution, etc. 1977.
300 ## - PHYSICAL DESCRIPTION
Pagination 419 p. ;
Size 21 cm.
650 #0 - SUBJECT ADDED ENTRY--TOPICAL TERM
Topical term or geographic name as entry element Bibliographical services.
9 (RLIN) 125329
Topical term or geographic name as entry element Bibliography, National.
9 (RLIN) 125348
Topical term or geographic name as entry element Bibliography of bibliographies.
9 (RLIN) 125349
942 ## - ADDED ENTRY ELEMENTS (KOHA)
Source of classification or shelving scheme Dewey Decimal Classification
Koha item type Books
Holdings
Lost status Source of classification or shelving scheme Damaged status Not for loan Collection code Permanent Location Current Location Shelving location Date acquired Total Checkouts Full call number Date last seen Copy number Koha item type
  Dewey Decimal Classification     Non-fiction Central Library, University of Rajshahi Central Library, University of Rajshahi   24/08/1986   025.3 BEB 1977 09/05/2016 C-2 Books